Top 50 songs of the 1980s - Statistics

General Stats
  • This quiz has been taken 97 times
  • The average score is 17 of 50
Answer Stats
Rank Artist Answer % Correct
3 Toto Africa
90%
1 Michael Jackson Billie Jean
83%
13 A-Ha Take On Me
74%
35 Michael Jackson Thriller
74%
2 George Michael Careless Whisper
65%
10 Prince Purple Rain
62%
19 Michael Jackson Beat It
61%
12 The Police Every Breath You Take
61%
4 Phil Collins In the Air Tonight
61%
16 Tears for Fears Everybody Wants to Rule the World
57%
46 Queen ft. David Bowie Under Pressure
56%
17 Kate Bush Running Up that Hill
50%
34 George Michael Faith
48%
28 Bryan Adams Summer of 69
48%
33 Bon Jovi Livin' on a Prayer
46%
6 Whitney Houston I Wanna Dance With Somebody
44%
7 Foreigner I Want to Know What Love Is
44%
32 Pet Shop Boys West End Girls
44%
20 Dolly Parton & Kenny Rogers Islands in the Stream
43%
11 The Human League Don't You Want Me
40%
21 Madonna Like a Prayer
38%
36 Simple Minds Don't You Forget About Me
37%
22 David Bowie Let's dance
35%
47 Peter Gabriel Sledgehammer
35%
31 Patrick Swayze She's Like the Wind
33%
44 Guns N' Roses Sweet Child o' Mine
33%
25 Huey Lewis & the News The Power of Love
33%
45 Tina Turner What's Love Got To Do With It
28%
23 Eurythmics Sweet Dreams (Are Made of This)
26%
49 U2 With or Without You
26%
43 The Bangles Eternal Flame
22%
5 Queen I Want to Break Free
22%
9 Lionel Richie All Night Long
21%
27 Michael Jackson Man in the Mirror
21%
29 Paul Simon You Can Call Me Al
21%
15 Simply Red Holding Back the Years
20%
24 Ultravox Vienna
20%
8 ABBA The Winner Takes it All
15%
14 John Farnham You're the Voice
15%
41 Erasure A Little Respect
12%
40 Fleetwood Mac Everywhere
12%
42 Barbra Streisand Woman In Love
11%
39 George Michael & Aretha Franklin I Knew You Were Waiting (For Me)
10%
26 Madness It Must Be Love
10%
18 Giorgio Moroder & Phil Oakey Together in Electric Dreams
10%
50 Yazzo Only You
9%
30 Duran Duran Save a Prayer
9%
37 Elton John I Guess that's Why they Call it the Blues
6%
48 The Jacksons Can You Feel It
5%
38 New Order Blue Monday 88
2%
No matching quizzes found
Score Distribution
Percent of People with Each Score
Percentile by Number Answered
Your Score History
You have not taken this quiz